| 000 | 00806cam a2200229 a 4500 | ||
|---|---|---|---|
| 001 | 12409819 | ||
| 005 | 20180307031636.0 | ||
| 008 | 010516s2002 ohua b 001 0 eng | ||
| 010 | _a 2001034494 | ||
| 020 | _a0324027257 (alk. paper) | ||
| 040 |
_aDLC _cDLC _dDLC |
||
| 041 | _aeng | ||
| 080 | _a658.4 ric | ||
| 082 | 0 | 0 |
_a658.4 ric _221 |
| 100 | 1 | _a53 | |
| 101 | _aman | ||
| 245 | 1 | 0 |
_aManagement : _cWarren R. Plunkett, Raymond F. Attner, Gemmy S. Allen. |
| 504 | _aIncludes bibliographical references (p. 747-777) and index. | ||
| 906 |
_a7 _bcbc _corignew _d1 _eocip _f20 _gy-gencatlg |
||
| 942 |
_2ddc _cBK |
||
| 999 |
_c44235 _d44235 |
||